000 00757nam a22002297a 4500
005 20100806154617.0
010 _aENG-98720
020 _c100.00
_a9788190630146
035 _aEN-82252
037 _bDBAD/PUB
082 _a660
100 _aElangovan, K.
_98443
245 _aApplid chemistry-I for B. E. degree student :
_cby K. Elangovan
_ban easy approach /
250 _a6th ed.
260 _aKaraikudi
_bNational Pathippaham
_c1999
270 _a19, Church Fourth Street, T. T. Nager,
_bKaraikudi
_e630001
300 _a248 p.
_c20 cm. (Pbk)
650 _aChemistry
_98444
700 _97380
942 _2ddc
_cEN
_h660
_mELA
999 _c39938
_d39938